000 00697cam a2200217 4500
001 WB3614-26
008 000000n2000 000 0 eng u
035 _a(Sirsi) u105199
245 _aOmbudsman scheme
260 _c2000
490 _aEstate Agent
_vMarch 2000, 6(1)
520 _aDiscusses changes to the Ombudsman Scheme for Estate Agents which came into force on 1 February this year, and which, it is hoped, will encourage more agents to join the scheme.
590 _aWB
650 _aOMBUDSMAN FOR ESTATE AGENTS SCHEME
650 _aESTATE AGENTS
650 _aREGULATION
650 _aCOMPLAINTS
650 _aREFORM
690 _aPROPERTY AND LAND LAW-AGENCY
942 _n0
999 _c63091
_d63091